Financial accounting and corporate reporting : (Record no. 2987)
[ view plain ]
| 000 -LEADER | |
|---|---|
| fixed length control field | 00805cam a2200193 a 4500 |
| 020 ## - INTERNATIONAL STANDARD BOOK NUMBER | |
| ISBN | 0256119937 |
| 050 00 - CALL NUMBER | |
| Classification number | HF5686.C7 |
| Item number | F455 1993 |
| 100 1# - AUTHOR | |
| Personal name | Ferris, Kenneth R. |
| 245 10 - TITLE | |
| Title | Financial accounting and corporate reporting : |
| Remainder of title | a casebook / |
| Statement of responsibility, etc | Kenneth R. Ferris. |
| 250 ## - EDITION | |
| Edition statement | 3rd ed. |
| 260 ## - PUBLICATION INFORMATION | |
| Place of publication | Homewood, IL : |
| Name of publisher | Irwin, |
| Year of publication | c1993. |
| 300 ## - DESCRIPTION | |
| Number of Pages | xiii, 571 p. : |
| Other physical details | ill. ; |
| Dimensions | 25 cm. |
| 505 ## - FORMATTED CONTENTS NOTE | |
| Table of Content | The fundamentals of accounting<br/>Revenue and expense recognition<br/>Asset valuation<br/>Equity valuation<br/>Funds flow and financial statement analysis<br/>Issues in corporate financial reporting <br/>Overview cases |
| 650 #0 - SUBJECTS | |
| Topical Term | Corporations |
| General subdivision | Accounting |
| -- | Case studies. |
| 650 #0 - SUBJECTS | |
| Topical Term | Financial statements |
| General subdivision | Case studies. |
| 650 #0 - SUBJECTS | |
| Topical Term | Corporation reports |
| General subdivision | Case studies. |
| 650 #0 - SUBJECTS | |
| Topical Term | Accounting |
| General subdivision | Case studies. |
| 942 ## - ADDED ENTRY ELEMENTS (KOHA) | |
| Koha item type | Books |
| Withdrawn status | Lost status | Home library | Current library | Shelving location | Date acquired | Full call number | Accession Number | Koha item type | Collection code |
|---|---|---|---|---|---|---|---|---|---|
| Methodist University Library Main | Methodist University Library Main | General Stacks | 01/12/1999 | HF5686.C7 F455 1993 | 13766 | Books | |||
| Methodist University Library Main | Methodist University Library Main | General Stacks | 01/12/1999 | HF5686.C7 F455 1993 | 13764 | Books | Reference | ||
| Methodist University Library Tema | Methodist University Library Tema | General Stacks | 01/12/1999 | HF5686.C7 F455 | 23095 | Books | |||
| Methodist University Library Tema | Methodist University Library Tema | General Stacks | 01/12/1999 | HF5686.C7 F455 | 23096 | Books | |||
| Methodist University Library Tema | Methodist University Library Tema | General Stacks | 01/12/1999 | HF5686.C7 F455 | 23097 | Books | |||
| Methodist University Library Wenchi Faculty | Methodist University Library Wenchi Faculty | 18/10/2021 | HF5686.C7 F455 1993 | 13765 | Books | ||||
| Methodist University Library Wenchi Faculty | Methodist University Library Wenchi Faculty | 18/10/2021 | HF5686.C7 F455 1993 | 13761 | Books |